[Event "Corrientes Mayor Rosarino op"]
[Site "Corrientes"]
[Date "2022.10.09"]
[Round "6"]
[White "Serrano, Franco"]
[Black "Dlugovitzky, Pablo"]
[Result "1/2-1/2"]
[WhiteElo "1573"]
[BlackElo "1715"]
[PlyCount "56"]
[EventDate "2022.10.06"]
[EventType "swiss"]
[EventRounds "9"]
[EventCountry "ARG"]
[SourceTitle "CBM 210 Extra"]
[Source "ChessBase"]
[SourceDate "2022.11.30"]
[SourceVersion "1"]
[SourceVersionDate "2022.11.30"]
[SourceQuality "1"]

1. Nf3 d5 2. d4 c6 3. c4 e6 4. e3 Nf6 5. Nc3 Nbd7 6. Bd3 dxc4 7. Bxc4 b5 8. Bd3 a6 9. 0-0 Bb7 10. e4 c5 11. d5 exd5 12. exd5 Nxd5 13. Nxd5 Bxd5 14. Bxb5 axb5 15. Qxd5 Be7 16. Re1 0-0 17. Bg5 Bxg5 18. Nxg5 h6 19. Ne4 Nf6 20. Qxc5 Nxe4 21. Rxe4 Rxa2 22. Rb1 Qd3 23. Ree1 Rd8 24. Qc3 Qxc3 25. bxc3 Rdd2 26. Rf1 Rab2 27. Rxb2 Rxb2 28. g3 Rc2 1/2-1/2